000 00749cam a2200241 a 4500
001 13208111
005 20180309072744.0
008 981019s1996 enka b 001 0 eng d
010 _a 2003446783
020 _a0748739831
035 _a(OCoLC)ocm40129347
040 _aPSC
_cPSC
_dWY@
_dDLC
041 _aeng
080 _a546 MAC
082 0 0 _a546 MAC
_221
100 1 _a12
101 _aKIM
245 1 0 _aIntroduction to modern inorganic chemistry /
_cK.M. Mackay, R.A. Mackay, and W. Henderson.
504 _aIncludes bibliographical references (p. 433-449) and index.
906 _a7
_bcbc
_ccopycat
_d2
_encip
_f20
_gy-gencatlg
942 _2ddc
_cBK
999 _c44578
_d44578